[Event "Lagos City Asibor Memorial 2nd"]
[Site "Lagos City"]
[Date "2024.01.28"]
[Round "7"]
[White "Ajibola, Olanrewaju"]
[Black "Balogun, Oluwafemi Daniel"]
[Result "1/2-1/2"]
[WhiteElo "2200"]
[BlackElo "2269"]
[PlyCount "148"]
[EventDate "2024.01.25"]
[EventType "swiss"]
[EventRounds "7"]
[EventCountry "NGR"]
[SourceTitle "CB05_2024"]
[SourceDate "2024.01.31"]
[SourceVersion "1"]
[SourceVersionDate "2024.01.31"]
[SourceQuality "1"]

1. d4 Nf6 2. Nf3 g6 3. Nbd2 d5 4. e3 Bg7 5. Bd3 Nbd7 6. e4 dxe4 7. Nxe4 Nxe4 8. Bxe4 Nf6 9. Bd3 0-0 10. 0-0 b6 11. Re1 Bb7 12. c3 Qd6 13. Qe2 e6 14. h3 c5 15. dxc5 Qxc5 16. Bf4 Rfd8 17. Ba6 Bxa6 18. Qxa6 Nd5 19. Bg5 f6 20. Bd2 e5 21. b4 Qc8 22. Qf1 f5 23. Nxe5 Nxb4 24. cxb4 Rxd2 25. Rac1 Rc2 26. Nc4 Rxc1 27. Rxc1 Qe6 28. b5 Bd4 29. Qd3 Rd8 30. Kf1 Qd5 31. a4 Bc5 32. Qxd5+ Rxd5 33. Ke2 Rd4 34. f3 f4 35. Rc2 Kg7 36. Nb2 Ba3 37. Rc7+ Kh6 38. Nc4 Bc5 39. Ne5 Rxa4 40. Ng4+ Kg5 41. Rxh7 Ra2+ 42. Kd3 Rxg2 43. h4+ Kf5 44. Rxa7 Rb2 45. Rf7+ Ke6 46. Rxf4 Rb3+ 47. Ke2 Rb2+ 48. Kf1 Rb1+ 49. Kg2 Rg1+ 50. Kh2 Bd6 51. Kxg1 Bxf4 52. Kg2 Kd5 53. Nf6+ Kc4 54. Nd7 Kxb5 55. Nf8 Kc4 56. Nxg6 Bh6 57. Ne5+ Kc3 58. Ng4 Bf8 59. f4 b5 60. Kf3 b4 61. Nf2 Kd2 62. Ke4 b3 63. Nd3 Kc3 64. f5 Kc2 65. f6 Kc3 66. h5 Kc2 67. Kd4 Bh6 68. Kc4 Bf8 69. Ne1+ Kd1 70. Kxb3 Kxe1 71. Kc4 Ke2 72. Kd5 Kf3 73. Ke6 Kg4 74. Kf7 Kf5 1/2-1/2

[Event "FIDE World Cup"]
[Site "Baku"]
[Date "2023.07.31"]
[Round "1.2"]
[White "Balogun, Oluwafemi Daniel"]
[Black "Predke, Alexandr"]
[Result "0-1"]
[WhiteElo "2235"]
[BlackElo "2651"]
[PlyCount "62"]
[EventDate "2023.07.30"]
[EventType "k.o."]
[EventRounds "8"]
[EventCountry "AZE"]
[SourceTitle "EXT 2024"]
[Source "ChessBase"]
[SourceDate "2023.10.10"]
[SourceVersion "1"]
[SourceVersionDate "2023.10.10"]
[SourceQuality "1"]

1. e4 c5 2. Nf3 e6 3. d4 cxd4 4. Nxd4 Nf6 5. Nc3 Nc6 6. Nxc6 bxc6 7. Bd3 d5 8. 0-0 Bb4 9. e5 Nd7 10. Qg4 Bf8 11. Qf4 Rb8 12. a3 g6 13. Qg3 Bg7 14. Re1 0-0 15. h4 c5 16. b3 f6 17. exf6 Qxf6 18. Bd2 Bb7 19. Nb5 e5 20. Rad1 Qb6 21. a4 e4 22. a5 Qd8 23. Bf1 a6 24. Nc3 Bd4 25. Re2 Nf6 26. Bg5 Nh5 27. Qh3 Qd6 28. Rxd4 cxd4 29. Na4 Bc8 30. Qh1 Bg4 31. Rd2 e3 0-1

[Event "Olympiad-44"]
[Site "Chennai"]
[Date "2022.07.30"]
[Round "2.2"]
[White "Albornoz Cabrera, Carlos Daniel"]
[Black "Balogun, Oluwafemi Daniel"]
[Result "1-0"]
[WhiteElo "2566"]
[BlackElo "2274"]
[PlyCount "61"]
[EventDate "2022.07.29"]
[EventType "team-swiss"]
[EventRounds "11"]
[EventCountry "IND"]
[SourceTitle "CBM 210"]
[Source "ChessBase"]
[SourceDate "2022.10.31"]
[SourceVersion "1"]
[SourceVersionDate "2022.10.31"]
[SourceQuality "1"]
[WhiteTeam "Cuba"]
[BlackTeam "Nigeria"]
[WhiteTeamCountry "CUB"]
[BlackTeamCountry "NGR"]

1. e4 g6 2. d4 Bg7 3. Nc3 c6 4. Nf3 d6 5. Be3 Nf6 6. Qd2 Bg4 7. h4 Bxf3 8. gxf3 Nbd7 9. f4 Ng4 10. h5 Rg8 11. hxg6 hxg6 12. Bh3 Nxe3 13. fxe3 e6 14. 0-0-0 Qa5 15. f5 exf5 16. exf5 0-0-0 17. Rdg1 Bf6 18. fxg6 fxg6 19. Be6 Rge8 20. Bf7 Re7 21. Bxg6 Nb6 22. Rh5 d5 23. Qf2 Nd7 24. Bf5 Rf8 25. e4 Kb8 26. e5 Bg7 27. Rh7 Ref7 28. Rg5 Bh8 29. Rxf7 Rxf7 30. e6 Qd8 31. Qg3+ 1-0

[Event "Lome zt 4.2"]
[Site "Lome"]
[Date "2022.03.21"]
[Round "3"]
[White "Balogun, Oluwafemi Daniel"]
[Black "Amako, Marc Arnold"]
[Result "1-0"]
[WhiteElo "2308"]
[BlackElo "1429"]
[PlyCount "60"]
[EventDate "2022.03.20"]
[EventType "swiss"]
[EventRounds "9"]
[EventCountry "TOG"]
[SourceTitle "EXT 2023"]
[Source "ChessBase"]
[SourceDate "2022.10.05"]
[SourceVersion "1"]
[SourceVersionDate "2022.10.05"]
[SourceQuality "1"]

1. e4 e5 2. Nf3 Nf6 3. Nxe5 d6 4. Nf3 Nxe4 5. d4 d5 6. Bd3 Nc6 7. 0-0 Be7 8. c4 Nf6 9. Nc3 0-0 10. h3 Nb4 11. Be2 dxc4 12. Bxc4 Nbd5 13. Re1 c6 14. Bg5 h6 15. Bh4 g5 16. Bg3 g4 17. hxg4 Bxg4 18. Qd2 Kg7 19. Be5 Bd6 20. Nxd5 Bxe5 21. Nxe5 cxd5 22. Bd3 Bh5 23. Qf4 Nh7 24. Qf5 Nf6 25. g4 Bg6 26. Nxg6 fxg6 27. Qxg6+ Kh8 28. Qxh6+ Kg8 29. Qg6+ Kh8 30. Kg2 Qd7 1-0

[Event "NGR-ch"]
[Site "Lagos"]
[Date "2021.11.11"]
[Round "6"]
[White "Balogun, Oluwafemi Daniel"]
[Black "Abdulraheem, Abdulrahman Akintoy"]
[Result "1/2-1/2"]
[WhiteElo "2247"]
[BlackElo "2254"]
[PlyCount "67"]
[EventDate "2021.11.09"]
[EventType "tourn"]
[EventRounds "9"]
[EventCountry "NGR"]
[EventCategory "1"]
[SourceTitle "CBM 205 Extra"]
[Source "ChessBase"]
[SourceDate "2022.01.31"]
[SourceVersion "1"]
[SourceVersionDate "2022.01.31"]
[SourceQuality "1"]

1. e4 c5 2. Nf3 g6 3. g3 Bg7 4. Bg2 d6 5. 0-0 e5 6. a3 Ne7 7. b4 0-0 8. d3 Nbc6 9. b5 Nd4 10. Nxd4 cxd4 11. c3 dxc3 12. Nxc3 Be6 13. Bg5 f6 14. Be3 Rc8 15. Qd2 d5 16. d4 exd4 17. Bxd4 dxe4 18. Nxe4 Bc4 19. Rfc1 Bxb5 20. Nc5 Qd6 21. Nxb7 Qd7 22. Qa2+ Kh8 23. Bc5 Bc6 24. Bxc6 Rxc6 25. Na5 Rc7 26. Bb4 Rxc1+ 27. Rxc1 Rc8 28. Rxc8+ Nxc8 29. Qc4 Nb6 30. Qc6 Qd1+ 31. Kg2 h5 32. Bc5 Nd5 33. Qa8+ Kh7 34. Qxa7 1/2-1/2

[Event "North American Blitz op 30th"]
[Site "ICC INT"]
[Date "2020.12.31"]
[Round "10"]
[White "Balogun, Oluwafemi Daniel"]
[Black "Edidiong, Okpongete"]
[Result "1-0"]
[WhiteElo "2247"]
[BlackElo "2034"]
[PlyCount "115"]
[EventDate "2020.12.31"]
[EventType "swiss (blitz)"]
[EventRounds "11"]
[EventCountry "USA"]
[SourceTitle "CBM 200 Extra"]
[Source "ChessBase"]
[SourceDate "2021.03.31"]
[SourceVersion "1"]
[SourceVersionDate "2021.03.31"]
[SourceQuality "1"]

1. e4 e5 2. Nf3 Nc6 3. Bb5 f5 4. d3 fxe4 5. dxe4 Nf6 6. 0-0 Bc5 7. Nc3 0-0 8. Bg5 d6 9. Nd5 Bg4 10. c3 Kh8 11. h3 Bh5 12. g4 Bg6 13. Bd3 Qd7 14. Nxf6 gxf6 15. Bh6 Rg8 16. Nh4 Bb6 17. Kh2 Qe7 18. Qe2 Nd8 19. Bc4 Bf7 20. Nf5 Qd7 21. f4 Bxc4 22. Qxc4 exf4 23. Bxf4 Ne6 24. Bd2 Rae8 25. Rae1 Qc6 26. Qd5 Nc5 27. Bh6 Qd7 28. b4 Re5 29. Qc4 Qe6 30. Qxe6 Nxe6 31. Kg3 Rg6 32. Bf4 Nxf4 33. Kxf4 c6 34. Nxd6 Bc7 35. Nf7+ Kg7 36. Nxe5 Bxe5+ 37. Kf3 Kf7 38. c4 h5 39. Rd1 Ke6 40. c5 hxg4+ 41. hxg4 b6 42. cxb6 axb6 43. Rc1 Kd6 44. Rfd1+ Kc7 45. a4 Rh6 46. Rh1 Rg6 47. Rh7+ Kd6 48. a5 bxa5 49. bxa5 Rg8 50. Rd1+ Kc5 51. a6 Rb8 52. a7 Rb3+ 53. Ke2 Ra3 54. Rd8 Ra2+ 55. Kd3 Ra3+ 56. Kc2 Ra2+ 57. Kc1 Kc4 58. a8Q 1-0

[Event "North American Blitz op 30th"]
[Site "ICC INT"]
[Date "2020.12.31"]
[Round "9"]
[White "Justice, Drew"]
[Black "Balogun, Oluwafemi Daniel"]
[Result "1-0"]
[WhiteElo "1769"]
[BlackElo "2247"]
[PlyCount "125"]
[EventDate "2020.12.31"]
[EventType "swiss (blitz)"]
[EventRounds "11"]
[EventCountry "USA"]
[SourceTitle "CBM 200 Extra"]
[Source "ChessBase"]
[SourceDate "2021.03.31"]
[SourceVersion "1"]
[SourceVersionDate "2021.03.31"]
[SourceQuality "1"]

1. d4 Nf6 2. c4 g6 3. Nc3 Bg7 4. e4 d6 5. Nf3 0-0 6. Be2 e5 7. 0-0 Nc6 8. d5 Ne7 9. b4 Nh5 10. Re1 Kh8 11. c5 f5 12. Nd2 Nf6 13. f3 Nh5 14. Nc4 Bd7 15. a4 a6 16. Be3 Nc8 17. b5 Nf4 18. b6 cxb6 19. cxd6 Nxe2+ 20. Qxe2 f4 21. Bf2 g5 22. Reb1 g4 23. Nxb6 Nxb6 24. Bxb6 Qg5 25. Kh1 Rac8 26. Rb3 Rf6 27. fxg4 Bxg4 28. d7 Bxd7 29. Nd1 Bg4 30. Qf2 Rg8 31. Bc7 Rg6 32. g3 fxg3 33. Rxg3 Qh5 34. Ne3 Bd7 35. Rxg6 hxg6 36. Rg1 Bh3 37. Qg3 Bf6 38. Ng4 Bg7 39. Bxe5 Bxg4 40. Bxg7+ Rxg7 41. Qxg4 Qe5 42. Rf1 Kg8 43. Qc8+ Kh7 44. Qh3+ Kg8 45. Qf3 g5 46. Qf8+ Kh7 47. Qf5+ Qxf5 48. Rxf5 Kg6 49. Kg2 Rc7 50. Kg3 Rc4 51. Re5 Rxa4 52. Re6+ Kf7 53. Kg4 Ra2 54. h3 Rg2+ 55. Kf5 Rg3 56. d6 Rf3+ 57. Ke5 Rxh3 58. Re7+ Kf8 59. Ke6 Rh6+ 60. Kd7 g4 61. Kc7 g3 62. Re5 Rg6 63. d7 1-0

[Event "Africa-ch"]
[Site "Hammamet"]
[Date "2019.07.15"]
[Round "7"]
[White "Barbaria, Yacine"]
[Black "Balogun, Oluwafemi Daniel"]
[Result "0-1"]
[WhiteElo "2210"]
[BlackElo "2279"]
[PlyCount "64"]
[EventDate "2019.07.09"]
[EventType "swiss"]
[EventRounds "9"]
[EventCountry "TUN"]
[SourceTitle "CBM 191 Extra"]
[Source "ChessBase"]
[SourceDate "2019.09.30"]
[SourceVersion "1"]
[SourceVersionDate "2019.09.30"]
[SourceQuality "1"]

1. e4 d6 2. d4 Nf6 3. Nc3 g6 4. Bg5 c6 5. Qd2 Nbd7 6. 0-0-0 Qa5 7. Kb1 b5 8. f3 b4 9. Nce2 Ba6 10. h4 Rb8 11. Nh3 h5 12. Nc1 Bxf1 13. Rhxf1 Bg7 14. Rfe1 0-0 15. g4 c5 16. e5 Nd5 17. Nb3 Nc3+ 18. bxc3 bxc3 19. Qe2 Qb4 20. Nf4 Qa3 21. Nd3 c4 22. Bc1 Qa4 23. gxh5 Rfc8 24. Ndc5 Nxc5 25. dxc5 Rxc5 26. Rd4 Ra5 27. a3 Rxe5 28. Re4 Rxe4 29. Qxe4 Rxb3+ 30. Ka2 Rb8 31. hxg6 Qb5 32. gxf7+ Kh8 0-1

[Event "Africa-ch"]
[Site "Hammamet"]
[Date "2019.07.13"]
[Round "5"]
[White "Oussedik, Mahfoud"]
[Black "Balogun, Oluwafemi Daniel"]
[Result "1-0"]
[WhiteElo "2440"]
[BlackElo "2279"]
[PlyCount "79"]
[EventDate "2019.07.09"]
[EventType "swiss"]
[EventRounds "9"]
[EventCountry "TUN"]
[SourceTitle "CBM 191 Extra"]
[Source "ChessBase"]
[SourceDate "2019.09.30"]
[SourceVersion "1"]
[SourceVersionDate "2019.09.30"]
[SourceQuality "1"]

1. e4 d6 2. d4 Nf6 3. Nc3 g6 4. Nf3 Bg7 5. Be2 0-0 6. 0-0 Bg4 7. h3 Bxf3 8. Bxf3 Nc6 9. Be3 Re8 10. d5 Ne5 11. Be2 c6 12. f4 Ned7 13. Bf3 cxd5 14. exd5 Nb6 15. Bd4 Rc8 16. b3 Nfd7 17. Bxg7 Kxg7 18. Ne2 Qc7 19. Qd4+ Kg8 20. c4 Qc5 21. Bg4 f5 22. Bf3 a5 23. a4 Na8 24. Kh2 Nc7 25. Qd2 e5 26. dxe6 Rxe6 27. Nd4 Re7 28. Bxb7 Rf8 29. Rae1 Rfe8 30. Rxe7 Rxe7 31. Nc6 Re3 32. Nxa5 Re6 33. b4 Qe3 34. Qxe3 Rxe3 35. Rd1 Nb6 36. Rxd6 Nxa4 37. Rd7 Ne8 38. Bd5+ Kh8 39. Bc6 Nf6 40. Rd8+ 1-0

[Event "Africa-ch"]
[Site "Hammamet"]
[Date "2019.07.12"]
[Round "4"]
[White "Balogun, Oluwafemi Daniel"]
[Black "Jmila, Omar"]
[Result "1-0"]
[WhiteElo "2279"]
[BlackElo "2119"]
[PlyCount "138"]
[EventDate "2019.07.09"]
[EventType "swiss"]
[EventRounds "9"]
[EventCountry "TUN"]
[SourceTitle "CBM 191 Extra"]
[Source "ChessBase"]
[SourceDate "2019.09.30"]
[SourceVersion "1"]
[SourceVersionDate "2019.09.30"]
[SourceQuality "1"]

1. e4 e5 2. Nf3 Nc6 3. Bb5 a6 4. Ba4 Nf6 5. 0-0 Be7 6. Re1 b5 7. Bb3 0-0 8. h3 Bb7 9. c3 d5 10. exd5 Nxd5 11. d3 Bf6 12. Nbd2 Nf4 13. Ne4 Nxd3 14. Nxf6+ gxf6 15. Bh6 Nxe1 16. Qxe1 Qd3 17. Rd1 Qg6 18. Qe3 Nd4 19. Nh4 Nf3+ 20. Qxf3 Bxf3 21. Nxg6 hxg6 22. gxf3 Rfd8 23. Rxd8+ Rxd8 24. Be3 Kg7 25. a4 f5 26. axb5 axb5 27. Kf1 f4 28. Bc5 Rh8 29. Kg2 Rd8 30. Kf1 Rh8 31. Bd5 Rxh3 32. Kg2 Rh8 33. Bc6 Rd8 34. Bxb5 Rb8 35. c4 f5 36. b4 g5 37. Bd7 Kf6 38. b5 Rd8 39. Bc6 g4 40. Bd5 Re8 41. Bb4 e4 42. fxe4 fxe4 43. Bc6 Re6 44. Bd7 Rb6 45. Bxg4 Rb8 46. Bc3+ Ke7 47. Bf5 e3 48. fxe3 fxe3 49. Kf3 Kd6 50. Be4 Kc5 51. Bd3 Re8 52. Ke2 c6 53. bxc6 Rc8 54. Kxe3 Rxc6 55. Kd2 Rc8 56. Kc2 Rb8 57. Bf6 Ra8 58. Kb3 Ra6 59. Bg7 Ra8 60. Bb2 Ra6 61. Kc3 Ra2 62. Bc1 Ra4 63. Be3+ Kd6 64. Kd4 Ra1 65. Be2 Kc6 66. Bf3+ Kc7 67. Kd5 Ra3 68. Bf4+ Kb7 69. Ke4 Ra1 1-0

[Event "Africa-ch"]
[Site "Hammamet"]
[Date "2019.07.11"]
[Round "3"]
[White "Kayonde, Andrew"]
[Black "Balogun, Oluwafemi Daniel"]
[Result "1-0"]
[WhiteElo "2382"]
[BlackElo "2279"]
[PlyCount "68"]
[EventDate "2019.07.09"]
[EventType "swiss"]
[EventRounds "9"]
[EventCountry "TUN"]
[SourceTitle "CBM 191 Extra"]
[Source "ChessBase"]
[SourceDate "2019.09.30"]
[SourceVersion "1"]
[SourceVersionDate "2019.09.30"]
[SourceQuality "1"]

1. d4 Nf6 2. Bg5 g6 3. Bxf6 exf6 4. e3 Bg7 5. g3 f5 6. Bg2 h5 7. h4 d6 8. Nd2 Nd7 9. Ne2 Nf6 10. c3 c6 11. Nf4 Bh6 12. Qc2 Ng4 13. Bf3 Qe7 14. Kf1 0-0 15. Qd3 Bd7 16. Kg2 Qf6 17. Rac1 Rae8 18. c4 Re7 19. b4 Rfe8 20. Nf1 Bxf4 21. gxf4 c5 22. bxc5 dxc5 23. d5 Qa6 24. Bxg4 fxg4 25. Ng3 Qxa2 26. e4 Qb2 27. e5 b5 28. Qe3 bxc4 29. Rxc4 Rb8 30. Qxc5 Ree8 31. Qxa7 Qb3 32. Qd4 Qf3+ 33. Kh2 Rb3 34. Rd1 Ra8 1-0

[Event "Olympiad-43"]
[Site "Batumi"]
[Date "2018.10.03"]
[Round "9.3"]
[White "Tomb, Maroun"]
[Black "Balogun, Oluwafemi Daniel"]
[Result "0-1"]
[WhiteElo "2177"]
[BlackElo "2275"]
[PlyCount "160"]
[EventDate "2018.09.24"]
[EventType "team-swiss"]
[EventRounds "11"]
[EventCountry "GEO"]
[SourceTitle "CBM 187"]
[Source "ChessBase"]
[SourceDate "2018.12.11"]
[SourceVersion "1"]
[SourceVersionDate "2018.12.11"]
[SourceQuality "1"]
[WhiteTeam "Lebanon"]
[BlackTeam "Nigeria"]
[WhiteTeamCountry "LBN"]
[BlackTeamCountry "NGR"]

1. e4 g6 2. Nc3 d6 3. g3 Bg7 4. Nge2 e5 5. d4 Nc6 6. d5 Nce7 7. Bg2 h5 8. h4 Nf6 9. Qd3 0-0 10. 0-0 c6 11. dxc6 bxc6 12. Bg5 Rb8 13. b3 Qc7 14. Rad1 Rd8 15. Na4 d5 16. c4 Bg4 17. cxd5 cxd5 18. Bxf6 dxe4 19. Qc3 Qxc3 20. Rxd8+ Rxd8 21. Nexc3 Bxf6 22. Nxe4 Bg7 23. Nac5 Rd4 24. f3 Bf5 25. Rb1 Nd5 26. Rb2 Bh6 27. Kh2 Be3 28. Re2 Rd1 29. Nf2 Ra1 30. Nce4 Bd4 31. Bh3 Kg7 32. Bxf5 gxf5 33. Nd6 Kg6 34. Nb5 Be3 35. Nd3 f6 36. a4 Rd1 37. Nb2 Rb1 38. Na3 Rc1 39. Rc2 Bg1+ 40. Kh3 Ra1 41. Nac4 Bd4 42. Rd2 f4 43. Rd1 Ra2 44. Nd3 fxg3 45. Kxg3 Ne7 46. Nd6 Ra3 47. Rb1 Ra2 48. Rd1 Re2 49. Kh3 Re3 50. Kg2 Nd5 51. Kg3 f5 52. Nc4 f4+ 53. Kg2 Kf6 54. Kh1 Rxf3 55. Ndxe5 Rh3+ 56. Kg2 Rg3+ 57. Kh2 Bxe5 58. Rxd5 Bb8 59. Nd2 f3 60. Ne4+ Ke6 61. Rb5 Rg8+ 62. Kh1 Bf4 63. Rxh5 Be3 64. Ng5+ Kf5 65. Rh7 Bxg5 66. hxg5 Rxg5 67. Rxa7 Kf4 68. Rf7+ Ke3 69. Kh2 Kf2 70. Kh3 Rg8 71. a5 Ke2 72. Re7+ Kf1 73. a6 f2 74. b4 Kg1 75. Rf7 f1Q+ 76. Rxf1+ Kxf1 77. b5 Ra8 78. Kg3 Ke2 79. Kf4 Kd3 80. Ke5 Kc4 0-1

[Event "Olympiad-43"]
[Site "Batumi"]
[Date "2018.09.28"]
[Round "5.61"]
[White "Winston, Gerald Mansfield Th"]
[Black "Balogun, Oluwafemi Daniel"]
[Result "0-1"]
[WhiteElo "1844"]
[BlackElo "2275"]
[PlyCount "102"]
[EventDate "2018.09.24"]
[EventType "team-swiss"]
[EventRounds "11"]
[EventCountry "GEO"]
[SourceTitle "CBM 187"]
[Source "ChessBase"]
[SourceDate "2018.12.11"]
[SourceVersion "1"]
[SourceVersionDate "2018.12.11"]
[SourceQuality "1"]
[WhiteTeam "Sierra Leone"]
[BlackTeam "Nigeria"]
[WhiteTeamCountry "SIE"]
[BlackTeamCountry "NGR"]

1. d4 Nf6 2. Bf4 g6 3. Nc3 Bg7 4. e4 d6 5. Be2 c6 6. Qd2 b5 7. a3 0-0 8. h3 Nbd7 9. Nf3 Qc7 10. 0-0 e5 11. dxe5 dxe5 12. Bg5 Nc5 13. Qe3 Ne6 14. Bd3 Nxg5 15. Qxg5 Nh5 16. Ne2 h6 17. Qe3 Qe7 18. c3 a5 19. c4 b4 20. c5 Be6 21. Rfc1 Rfb8 22. Bc4 bxa3 23. bxa3 Nf4 24. Bxe6 Qxe6 25. Nc3 Rd8 26. Rd1 Rxd1+ 27. Nxd1 Rb8 28. Nd2 Qd7 29. Nc4 Qe6 30. Nxa5 Rb5 31. Qd2 Bf8 32. a4 Rxc5 33. Ne3 Rc3 34. Rb1 h5 35. Kh2 Rd3 36. Qc2 c5 37. Nac4 Bg7 38. a5 Rd8 39. Rb6 Qe7 40. a6 Qa7 41. Qa2 Rd7 42. Qb3 Rd8 43. Qb5 Ra8 44. Qc6 Kh7 45. Qb7 Ne6 46. Nd5 Qxb7 47. axb7 Rb8 48. Na5 Nd8 49. Kg1 c4 50. Kf1 f5 51. Ke1 fxe4 0-1

[Event "Titled Tuesday intern op 4th July"]
[Site "Chess.com INT"]
[Date "2017.07.04"]
[Round "3"]
[White "Ermolaev, Evgeny"]
[Black "Balogun, Oluwafemi Daniel"]
[Result "1-0"]
[WhiteElo "2304"]
[BlackElo "2255"]
[PlyCount "47"]
[EventDate "2017.07.04"]
[EventType "swiss (blitz)"]
[EventRounds "10"]
[EventCountry "USA"]
[SourceTitle "EXT 2021"]
[Source "ChessBase"]
[SourceDate "2020.10.23"]
[SourceVersion "1"]
[SourceVersionDate "2020.10.23"]
[SourceQuality "1"]

1. e4 d6 2. d4 Nf6 3. Nc3 g6 4. Be3 a6 5. f3 b5 6. Qd2 Nbd7 7. g4 h6 8. Nge2 Nb6 9. Ng3 c6 10. h4 Nfd7 11. f4 Nf6 12. g5 Ng4 13. Bg1 h5 14. f5 Qc7 15. Qf4 Bg7 16. Bd3 e5 17. fxe6 Bxe6 18. 0-0-0 0-0 19. Nf5 b4 20. Ne2 gxf5 21. exf5 Bd5 22. f6 Qd7 23. Ng3 Bxh1 24. Nf5 1-0

[Event "Monrovia zt 4.4"]
[Site "Monrovia"]
[Date "2017.04.23"]
[Round "2"]
[White "Mansfield Thomas, Winston Gerald"]
[Black "Balogun, Oluwafemi Daniel"]
[Result "0-1"]
[WhiteElo "1910"]
[BlackElo "2241"]
[PlyCount "66"]
[EventDate "2017.04.22"]
[EventType "swiss"]
[EventRounds "9"]
[EventCountry "LBR"]
[SourceTitle "EXT 2018"]
[Source "ChessBase"]
[SourceDate "2017.10.13"]
[SourceVersion "1"]
[SourceVersionDate "2017.10.13"]
[SourceQuality "1"]

1. e4 c5 2. Nf3 d6 3. d4 cxd4 4. Nxd4 Nf6 5. Nc3 a6 6. f3 e5 7. Nb3 Be6 8. Be3 Nbd7 9. Qd2 Be7 10. 0-0-0 0-0 11. Kb1 b5 12. a3 Nb6 13. Na5 Qc7 14. g4 d5 15. Bxb6 Qxb6 16. g5 d4 17. gxf6 dxc3 18. Qxc3 Rfc8 19. Qd2 Bxf6 20. Bd3 Be7 21. b4 Ra7 22. Rc1 h6 23. h4 Rac7 24. c3 Rd7 25. Qe2 Qd8 26. Kc2 Bxh4 27. Rcd1 Bg5 28. a4 Qe7 29. Kb2 Rdc7 30. axb5 Rxc3 31. Nc6 R8xc6 32. bxc6 Qxb4+ 33. Ka1 Ra3+ 0-1

[Event "PRO League Stage"]
[Site "Chess.com INT"]
[Date "2017.02.22"]
[Round "7"]
[White "Johannesson, Ingvar Thor"]
[Black "Balogun, Oluwafemi Daniel"]
[Result "1-0"]
[WhiteElo "2377"]
[BlackElo "2222"]
[PlyCount "63"]
[EventDate "2017.01.11"]
[EventType "team-swiss (rapid)"]
[EventRounds "7"]
[EventCountry "USA"]
[SourceTitle "EXT 2018"]
[Source "ChessBase"]
[SourceDate "2017.10.13"]
[SourceVersion "1"]
[SourceVersionDate "2017.10.13"]
[SourceQuality "1"]
[WhiteTeam "Reykjavik Puffins"]
[BlackTeam "Lagos Leatherbacks"]
[WhiteTeamCountry "ISL"]
[BlackTeamCountry "NGR"]

1. c4 Nf6 2. g3 g6 3. Bg2 Bg7 4. Nf3 0-0 5. 0-0 d6 6. Nc3 c6 7. d3 a6 8. Nd2 e5 9. Rb1 d5 10. b4 Re8 11. a4 e4 12. dxe4 Ng4 13. Bb2 d4 14. Na2 d3 15. Bxg7 Kxg7 16. Nc1 dxe2 17. Qxe2 Be6 18. Nd3 h5 19. h3 Nf6 20. Nc5 Bc8 21. Rbd1 Nbd7 22. Nd3 a5 23. b5 Qe7 24. Rfe1 Ne5 25. Nxe5 Qxe5 26. Nf3 Qc5 27. e5 Kg8 28. exf6 Rxe2 29. Rd8+ Kh7 30. Rxe2 g5 31. Re5 Qxc4 32. Rxg5 1-0

[Event "PRO League Stage"]
[Site "Chess.com INT"]
[Date "2017.02.15"]
[Round "6"]
[White "Balogun, Oluwafemi Daniel"]
[Black "Zwirs, Nico"]
[Result "0-1"]
[WhiteElo "2222"]
[BlackElo "2395"]
[PlyCount "72"]
[EventDate "2017.01.11"]
[EventType "team-swiss (rapid)"]
[EventRounds "7"]
[EventCountry "USA"]
[SourceTitle "CBM 176 Extra"]
[Source "ChessBase"]
[SourceDate "2017.03.02"]
[SourceVersion "1"]
[SourceVersionDate "2017.03.02"]
[SourceQuality "1"]
[WhiteTeam "Lagos Leatherbacks"]
[BlackTeam "Apeldoorn Apes"]
[WhiteTeamCountry "NGR"]
[BlackTeamCountry "NED"]

1. Nf3 Nf6 2. g3 g6 3. Bg2 Bg7 4. 0-0 0-0 5. d3 d6 6. c3 e5 7. e4 Re8 8. Qc2 a6 9. b4 b5 10. a4 Bb7 11. Na3 Nbd7 12. Bg5 c6 13. Qb3 Qc7 14. c4 bxa4 15. Qxa4 a5 16. Rfb1 Reb8 17. b5 Nc5 18. Qc2 Nfd7 19. Be3 a4 20. Nd2 Ne6 21. Rb4 Ndc5 22. Nab1 cxb5 23. cxb5 Qa5 24. Rb2 Nb3 25. Ra3 Rc8 26. Nc4 Qe1+ 27. Bf1 d5 28. Bd2 Nxd2 29. Qxd2 Qxd2 30. Ncxd2 Bf8 31. Raa2 Nd4 32. Na3 Rc3 33. Nab1 Rc1 34. Na3 Ne2+ 35. Kg2 Nc3 36. Rc2 Bxa3 0-1

[Event "PRO League Stage"]
[Site "Chess.com INT"]
[Date "2017.02.11"]
[Round "5"]
[White "Xu, Grant"]
[Black "Balogun, Oluwafemi Daniel"]
[Result "1-0"]
[WhiteElo "2193"]
[BlackElo "2222"]
[PlyCount "86"]
[EventDate "2017.01.11"]
[EventType "team-swiss (rapid)"]
[EventRounds "7"]
[EventCountry "USA"]
[SourceTitle "CBM 176 Extra"]
[Source "ChessBase"]
[SourceDate "2017.03.02"]
[SourceVersion "1"]
[SourceVersionDate "2017.03.02"]
[SourceQuality "1"]
[WhiteTeam "Pittsburgh Pawngrabbers"]
[BlackTeam "Lagos Leatherbacks"]
[WhiteTeamCountry "USA"]
[BlackTeamCountry "NGR"]

1. Nf3 Nf6 2. g3 g6 3. Bg2 Bg7 4. 0-0 0-0 5. d4 d6 6. Re1 c6 7. c4 Qc7 8. d5 Bg4 9. Nc3 Rc8 10. Nd4 cxd5 11. cxd5 Na6 12. h3 Bd7 13. e4 Nc5 14. f4 b5 15. e5 Nh5 16. g4 b4 17. Nce2 Nxf4 18. Bxf4 dxe5 19. Bg3 Qb6 20. Nc6 Bxc6 21. dxc6 Rd8 22. Qc2 Rd2 23. Qc4 Nd3+ 24. Kh2 Nxe1 25. Rxe1 Rxb2 26. Rf1 e6 27. Bf2 Qc7 28. Rd1 Rc8 29. Rd7 Qa5 30. Rxa7 Qd8 31. Rd7 Qf6 32. Be3 h5 33. Bc1 Rb1 34. Qc2 Rxc1 35. Qxc1 hxg4 36. hxg4 Qh4+ 37. Kg1 e4 38. Qf4 Bf6 39. Qxe4 Qe1+ 40. Bf1 Bd8 41. Qf3 Bb6+ 42. Kg2 Rf8 43. c7 Kg7 1-0

[Event "PRO League Central"]
[Site "Chess.com INT"]
[Date "2017.02.01"]
[Round "4"]
[White "Bacrot, Alexandre"]
[Black "Balogun, Oluwafemi Daniel"]
[Result "1-0"]
[WhiteElo "2099"]
[BlackElo "2222"]
[PlyCount "95"]
[EventDate "2017.01.11"]
[EventType "team-swiss (rapid)"]
[EventRounds "7"]
[EventCountry "USA"]
[SourceTitle "CBM 176 Extra"]
[Source "ChessBase"]
[SourceDate "2017.03.02"]
[SourceVersion "1"]
[SourceVersionDate "2017.03.02"]
[SourceQuality "1"]
[WhiteTeam "Marseille Migraines"]
[BlackTeam "Lagos Leatherbacks"]
[WhiteTeamCountry "FRA"]
[BlackTeamCountry "NGR"]

1. e4 d6 2. Nc3 Nf6 3. d4 g6 4. Be2 Bg7 5. Be3 0-0 6. Qd2 e5 7. dxe5 dxe5 8. 0-0-0 Qxd2+ 9. Bxd2 c6 10. f3 Be6 11. Be3 Nbd7 12. Bd3 Rfe8 13. Nge2 Bf8 14. Kb1 Bc5 15. Bxc5 Nxc5 16. Nc1 a5 17. Nb3 Nxb3 18. cxb3 Nd7 19. Bc4 Nc5 20. Bxe6 Rxe6 21. Rd2 Kf8 22. Rhd1 b5 23. Ne2 Ke7 24. Nc1 Ra7 25. Nd3 Na6 26. Nf2 Nc5 27. Rc1 Rd7 28. Rdc2 Na6 29. Rxc6 Rxc6 30. Rxc6 Nb4 31. Rc1 Rd2 32. Rf1 Nc6 33. g3 Nd4 34. f4 Nf3 35. Ng4 Nxh2 36. Nxh2 Rxh2 37. fxe5 Re2 38. Rc1 h5 39. a3 a4 40. bxa4 bxa4 41. Rc4 g5 42. Rxa4 h4 43. gxh4 g4 44. Ra8 Rxe4 45. Rg8 Ke6 46. Rg5 Kd5 47. Ka2 Kc4 48. h5 1-0